000 01797nam0a2200361 i 4500
001 RU\NLR\BIBL_A\011165207
005 20240921141037.0
010 _a9785894261119
_9100
021 _aRU
_b2016-46849
_93013
035 _a(NILC)RuMoRGB-008510970
035 _a(NLR Aleph) 011165207
090 _a11738017
_c11738017
100 _a20160623d2016 km y0rusy50 ca
101 0 _arus
102 _aRU
105 _aa|||z|||000yy
200 1 _aДолгосрочный прогноз времени наступления максимумов и минимумов цены на нефть
_e[максимумы: основные 2126, 2158, локальные 2038, 2070, 2099. Минимумы: основные 2026, 2055, 2082, 2111, 2143]
_eмонография
_fБ. М. Долматов
210 _aНовороссийск
_cредакционно-издательский отдел ФГБОУ ВО "Государственный морской университет им. адм. Ф. Ф. Ушакова"
_d2016
215 _a96 с.
_cил., табл.
_d21
300 _aНа обороте тит.л. авт.: Б. М. Долматов к.т.н., доц.
320 _aБиблиогр.: с. 72
606 1 _aНефть
_xЦены
_91696667
_3RU\NLR\AUTH\66754832
610 0 _aэнергодинамический метод долгосрочного прогноза негативных экономических явлений
675 _a338.124.4
686 1 _aУ30(2)565.2-861(2Р)
686 1 _aУ30(0)565.2-861
700 1 _aДолматов
_bБ. М.
_gБорис Михайлович
801 0 _aRU
_bРГБ
_c20160606
_gRCR
801 2 _aRU
_bРГБ
_c20160609
_grcr
942 _cBOOK
980 _aNBR